banner koha

Diversidade genética e tamanho efetivo de duas populações de Myracrodruon urundeuva Fr. All., sob conservação ex situ (Registro n. 230551)

MARC details
000 -LÍDER
campo de controle de tamanho fixo 01310nas a2200385 4500
001 - NÚMERO DE CONTROLE
campo de controle BR2013006560
003 - IDENTIFICADOR DO NÚMERO DE CONTROLE
campo de controle BR-BrBNA
005 - DATA E HORÁRIO DA ÚLTIMA TRANSAÇÃO
campo de controle 20231205122803.0
007 - CAMPO FIXO DE DESCRIÇÃO FÍSICA--INFORMAÇÃO GERAL
campo de controle de tamanho fixo ta
008 - CAMPO DE DADOS FIXOS--INFORMAÇÃO GERAL
campo de controle de tamanho fixo 230509b bl.|||p| |||| 00| 00por d
040 ## - FONTE DA CATALOGAÇÃO
Instituição da catalogação original BR-BrBNA
Idioma da catalogação por
Instituição que transcreveu o registro Biblioteca Nacional de Agricultura
041 ## - CÓDIGO DE IDIOMA
Código do idioma do texto/trilha sonora ou título diferente (Pt)
072 ## - CÓDIGO DE CATEGORIA DE ASSUNTO
Código de Categoria de Assunto F30
100 1# - ENTRADA PRINCIPAL--NOME PESSOAL
Nome pessoal Viegas, M.P.
100 1# - ENTRADA PRINCIPAL--NOME PESSOAL
Nome pessoal Silva, C.L.S.P.
100 1# - ENTRADA PRINCIPAL--NOME PESSOAL
Nome pessoal Moreira, J.P.
100 1# - ENTRADA PRINCIPAL--NOME PESSOAL
Nome pessoal Cardin, L.T.
100 1# - ENTRADA PRINCIPAL--NOME PESSOAL
Nome pessoal Azevedo, V.C.R.
100 1# - ENTRADA PRINCIPAL--NOME PESSOAL
Nome pessoal Ciampi, A.Y.
100 1# - ENTRADA PRINCIPAL--NOME PESSOAL
Nome pessoal Freitas, M.L.M.
100 1# - ENTRADA PRINCIPAL--NOME PESSOAL
Nome pessoal Moraes, M.L.T. de
100 1# - ENTRADA PRINCIPAL--NOME PESSOAL
Nome pessoal Sebbenn, A.M.
245 1# - TÍTULO
Título Diversidade genética e tamanho efetivo de duas populações de Myracrodruon urundeuva Fr. All., sob conservação ex situ<br/>
246 1# - FORMA VARIANTE DO TÍTULO
Título/título abreviado Genetic diversity and effective size in two Myracrodruon urundeuva Fr. all., population under ex situ conservation
650 ## - ASSUNTO--TERMO TÓPICO
Cabeçalho tópico ou nome geográfico MYRACRODRUON URUNDEUVA
650 ## - ASSUNTO--TERMO TÓPICO
Cabeçalho tópico ou nome geográfico AROEIRA
650 ## - ASSUNTO--TERMO TÓPICO
Cabeçalho tópico ou nome geográfico VARIAÇÃO GENÉTICA
650 ## - ASSUNTO--TERMO TÓPICO
Cabeçalho tópico ou nome geográfico ENDOGAMIA
650 ## - ASSUNTO--TERMO TÓPICO
Cabeçalho tópico ou nome geográfico MELHORAMENTO VEGETAL
650 ## - ASSUNTO--TERMO TÓPICO
Cabeçalho tópico ou nome geográfico <br/>
773 0# - ENTRADA ANALÍTICA
Título Revista Árvore (Brazil)
ISSN - International Standard Serial Number ISSN 0100-6762<br/>
Partes relacionadas (Jul-Aug 2011), v. 35(4) p. 769-779
Número de controle do registro BR2013006560
856 4# - LOCALIZAÇÃO ELETRÔNICA E ACESSO
Uniform Resource Identifier <a href="http://www.scielo.br/pdf/rarv/v35n4/a02v35n4.pdf">http://www.scielo.br/pdf/rarv/v35n4/a02v35n4.pdf</a>
Texto de ligação Recurso eletrônico (PDF)
909 ## -
-- 202311
-- Lúcia
-- 55
-- Lúcia Elande
942 ## - ELEMENTOS DE ENTRADA ADICIONADOS (KOHA)
Fonte da classificação ou esquema de arquivamento na estante Classificação AGRIS
Ocultar no OPAC Não
Tipo de material Koha Analítica
Exemplares
Situação do descarte Fonte da classificação ou esquema de arquivamento na estante Situação física Não pode ser emprestado Biblioteca de origem Biblioteca atual Localização na estante Enumeração do periódico / cronologia Total de empréstimos Data de último acesso Número do exemplar Tipo de material Koha Fonte de aquisição
  Classificação AGRIS   Consulta local Biblioteca Nacional de Agricultura - Binagri Biblioteca Nacional de Agricultura - Binagri   (Jul-Aug 2011), v. 35(4) p. 769-779   29/11/2023 01 Periódicos Portaria Interministerial nº 164/94

BINAGRI

Telefone: (61)3218-2567/2388/3357/2097 - binagri@agro.gov.br

Ministério da Agricultura e Pecuária , Esplanada dos Ministérios, Bloco D, Anexo B, Brasília/DF, CEP: 70.043-900